[Event "RUS-ch 56th"]
[Site "Krasnoyarsk"]
[Date "2003.09.03"]
[Round "1"]
[White "Belozerov, Andrei"]
[Black "Tregubov, Pavel V"]
[Result "1-0"]
[WhiteElo "2541"]
[BlackElo "2635"]
[Annotator "Finkel,A"]
[PlyCount "89"]
[EventDate "2003.09.03"]
[EventType "swiss"]
[EventRounds "9"]
[EventCountry "RUS"]
[SourceTitle "CBM 098"]
[Source "ChessBase"]
[SourceDate "2004.02.03"]
[SourceVersion "1"]
[SourceVersionDate "2004.02.03"]
[SourceQuality "1"]

1. d4 d5 2. c4 e6 3. Nf3 c6 4. Bg5 Be7 5. Bxe7 Qxe7 6. e3 Nf6 7. Nc3 O-O 8. Qc2
Nbd7 9. cxd5 exd5 10. Bd3 Re8 11. O-O Ne4 12. b4 a6 (12... Ndf6 13. b5 c5 14.
dxc5 Nxc5 15. Rac1 Nce4 16. Qb2 Be6 17. Nd4 Bd7 18. h3 Rac8 $11 {Donner,
J-Portisch,L/Palma de Mallorca 1967}) (12... Nxc3 13. Qxc3 Nf8 14. b5 Bd7 15.
bxc6 Bxc6 16. Ne5 Rec8 17. Rfc1 g6 18. Qa5 $14 {Rychagov,A-Gelashvili,T/Patras
2001}) (12... Qxb4 13. Nxe4 dxe4 14. Bxe4 Nf6 15. Bd3 g6 16. Rab1 Qe7 17. Rfe1
Nd5 18. Qd2 $14 {Galyas,M-Werner,D/Budapest 2003}) 13. a4 (13. Rab1 {1/2-1/2
Jakubek,P-Biro,K/SVK 2002}) 13... Qxb4 $6 (13... Ndf6 14. b5 c5 (14... axb5 15.
axb5 Rxa1 16. Rxa1 Ng4 17. bxc6 bxc6 18. Nd1 $14) 15. dxc5 Nxc5 16. Rfc1 $14)
14. Nxe4 dxe4 15. Bxe4 $14 Nf6 16. Bd3 a5 17. Rab1 Qe7 18. Bc4 Qc7 (18... Rb8
19. Ng5 Be6 20. Nxe6 fxe6 21. Qd2 b6 22. Rfc1 $14) 19. Ng5 (19. Ne5 Be6 20.
Bxe6 Rxe6 21. Qf5 Nd5 22. Rfc1 Rae8 $14) 19... Re7 20. Rb2 h6 21. Nf3 Be6 22.
Bxe6 Rxe6 23. Rfb1 Rb8 24. Ne5 Nd5 (24... Ree8 25. h3 Nd5 26. Nd3 b6) 25. Nd3
b6 $4 {[%csl Rb8] A blunder in one move is quite rare case for 2600+
grandmaster, so this game is quite unique in that sense.} (25... Ree8) 26. Nc5
$18 Rg6 27. Na6 Qc8 28. Nxb8 Qxb8 29. Qf5 Qd8 30. Rc1 Rf6 31. Qg4 Rg6 32. Qf3
Rf6 33. Qh5 Qe7 34. Rbc2 Qa3 35. Qe5 Re6 $6 (35... Nb4 36. Rc4 (36. Rc3 $6 Qxa4
37. Qb8+ Kh7 38. Qxb6 Qa2 39. Rf1 Nd5) 36... Qa2 37. Qe8+ Kh7 38. Qe4+ Kg8 39.
f4 Re6 40. Qf3 Nd3 41. R1c2 Qb1+ 42. Qf1 $16) 36. Qb8+ Kh7 37. Qb7 $1 {[%csl
Rc6,Rf7]} Nxe3 38. Rxc6 Nd5 39. Rc8 Qb4 (39... Nc3 40. Rf1 Rf6 41. Qa6 b5 42.
Qa8 b4 43. Rh8+ Kg6 44. Qg8 $18 {[%csl Rg7]}) 40. Rf1 Nf4 41. Qxf7 Qxd4 42.
Qf5+ Rg6 43. Rc6 Qxa4 44. Rxb6 Qc4 45. Rxg6 1-0

[Event "Riga Tal Memorial"]
[Site "Riga"]
[Date "1995.??.??"]
[Round "6"]
[White "Timman, Jan H"]
[Black "Jussupow, Artur"]
[Result "1-0"]
[WhiteElo "2635"]
[BlackElo "2660"]
[Annotator "Ftacnik,L"]
[PlyCount "76"]
[EventDate "1995.04.??"]
[EventType "tourn"]
[EventRounds "11"]
[EventCountry "LAT"]
[EventCategory "17"]
[SourceTitle "CBM 047"]
[Source "ChessBase"]
[SourceDate "1995.08.01"]
[SourceVersion "1"]
[SourceVersionDate "1995.08.01"]
[SourceQuality "1"]

1. c4 e6 2. Nc3 d5 3. d4 Nf6 4. cxd5 exd5 5. Bg5 Be7 6. e3 O-O 7. Bd3 Nbd7 8.
Nge2 Re8 9. O-O c6 10. Qc2 Nf8 11. f3 Be6 12. Rad1 Rc8 13. e4 (13. Nf4 Bd7 14.
Rfe1 h6 15. Bxf6 Bxf6 16. Kh1 Rc7 17. b4 a6 18. Na4 Bc8 19. Nc5 Rce7 20. Qf2 g6
21. Bc2 a5 22. a3 axb4 23. axb4 b6 24. Nb3 {Peicheva,V-Thorhallsson,T/
Copenhagen op (07)/1990/0-1 (45)}) (13. a3 a6 (13... N6d7 14. Bf4 Ng6 15. Bg3
Bh4 16. b4 Bxg3 17. Nxg3 Nf6 $8 18. Qd2 $6 a5 $5 19. Bb1 axb4 20. axb4 b6 21.
f4 Bg4 $1 $8 22. Rc1 Bd7 23. f5 Ne7 $8 24. e4 {Kamsky,G-Van der Sterren,P/Wijk
aan Zee (m/4)/1994/1-0 (39)}) 14. Bh4 Ng6 15. Bf2 c5 16. dxc5 Bxc5 17. Bxg6
hxg6 18. Qd2 Qc7 19. Rc1 Qe5 20. Nd4 Bd7 21. Rfe1 g5 22. g4 Ba7 23. Bg3 Qe7 24.
h3 {Illescas Cordoba,M-Campora,D/ESP-chT/1994/0.5 (42)}) (13. Bh4 a6 14. Kh1 b5
15. Bf2 Bd7 16. Bg1 g6 17. Qd2 Nh5 18. e4 dxe4 19. fxe4 c5 20. Nd5 Bg5 21. Qe1
c4 22. Bc2 Bc6 23. Nec3 a5 24. Ne3 {Eliet,N-Pedersen,St/EU-chJ Sas van Gent 
(10)/1992/1-0 (58)}) 13... dxe4 14. fxe4 Ng4 15. Bf4 (15. Bxe7 Qxe7 16. Qd2 c5
17. d5 Bd7 18. h3 Ne5 19. Bb5 Bxb5 20. Nxb5 Nc4 21. Qf4 Ng6 22. Qf2 Qd7 23.
Nxa7 Ra8 24. Qxc5 $13 {Vaiser,A-Flear,G/Fuerteventura/1992/0.5 (69)}) (15. Bd2
c5 16. d5 c4 $1 17. dxe6 Nxe6 $15) 15... Ng6 16. e5 Bg5 (16... Nxf4 17. Bxh7+
Kh8 18. Nxf4 Ne3 19. Qd3 Nxd1 20. Nxe6 fxe6 (20... Nxb2 21. Qh3 fxe6 22. Bg6+
$18) 21. Rxd1 $36) 17. Bxg6 (17. Bxg5 Qxg5 {xe3}) 17... hxg6 18. Qd2 Bxf4 19.
Nxf4 Bc4 20. Rfe1 (20. Rf3 c5 $1) 20... c5 21. Ne4 (21. e6 cxd4 (21... Bxe6 22.
Nxe6 fxe6 23. Qf4 $13) 22. Qxd4 Qxd4+ 23. Rxd4 g5 24. exf7+ Bxf7 $15) 21...
cxd4 22. Nd6 d3 23. Nh3 (23. Nxc8 Qd4+ 24. Kh1 Nf2+ 25. Kg1 Nxd1+ 26. Kf1 Nf2
$1 $19) 23... Rxe5 24. Nxc8 (24. Rxe5 $2 Qxd6 25. Rg5 Qxh2+ $19) 24... Qxc8 25.
Rxe5 Nxe5 26. Qe3 f6 27. Nf2 (27. Qxa7 Be6 28. Nf2 Bg4 29. Nxg4 Qxg4 $36) 27...
Bd5 28. Rc1 (28. Nxd3 $2 Qg4 29. Rd2 Nf3+ $19) 28... Qf5 29. b3 Ng4 30. Qd4 (
30. Nxg4 Qxg4 31. Qd2 Bxg2 $1 32. Qxg2 $140 d2) 30... Nxf2 31. Qxf2 Qg5 32. Re1
(32. Rd1 Be4 $44) 32... f5 33. Qg3 Qxg3 34. hxg3 Kf7 35. Kf2 Kf6 36. Ke3 Be4
37. Rc1 a6 38. Rc7 Bxg2 (38... Bxg2 39. Kxd3 g5 $10) 1-0

[Event "Linares 11th"]
[Site "Linares"]
[Date "1993.??.??"]
[Round "1"]
[White "Beliavsky, Alexander G"]
[Black "Ivanchuk, Vassily"]
[Result "1-0"]
[WhiteElo "2610"]
[BlackElo "2710"]
[Annotator "Ftacnik,L"]
[PlyCount "77"]
[EventDate "1993.02.??"]
[EventType "tourn"]
[EventRounds "13"]
[EventCountry "ESP"]
[EventCategory "18"]
[SourceTitle "CBM 034"]
[Source "ChessBase"]
[SourceDate "1993.06.01"]
[SourceVersion "1"]
[SourceVersionDate "1993.06.01"]
[SourceQuality "1"]

1. d4 Nf6 2. c4 e6 3. Nf3 d5 4. Nc3 Nbd7 5. cxd5 exd5 6. Bg5 Be7 7. e3 c6 8.
Qc2 O-O 9. Bd3 Re8 10. h3 Nf8 11. Bf4 $1 Be6 $6 (11... Ng6 12. Bh2 Bd6 $14) 12.
O-O N6d7 $6 13. Rab1 Nb6 14. b4 Bd6 15. Bxd6 Qxd6 16. a4 a6 17. Nd2 Re7 18. Nb3
$1 Rc7 (18... Qxb4 19. Nc5 Qa5 20. Qb3 Nc8 21. Nxb7 $16) 19. Nc5 Nbd7 20. f4 f6
21. f5 Bf7 22. Qf2 a5 23. Nxd7 Rxd7 24. bxa5 Rxa5 25. Rb6 Qa3 26. Rfb1 Ra8 (
26... Qxc3 $2 27. R6b3 $16) 27. R6b3 Qe7 28. Qf4 Re8 29. Kf2 $1 g5 30. Qf3 h5
31. a5 h4 32. Na4 Qd8 33. Nc5 Rde7 34. Nxb7 Qc7 35. Bf1 $1 Kg7 36. Kg1 Kh6 37.
a6 Bh5 38. Qf2 Nd7 39. Rc1 (39. Rc1 Nb6 (39... Nb8 40. Nc5 $18) 40. Na5 $18)
1-0

[Event "Candidates final"]
[Site "El Escorial"]
[Date "1993.??.??"]
[Round "13"]
[White "Timman, Jan H"]
[Black "Short, Nigel D"]
[Result "1/2-1/2"]
[WhiteElo "2635"]
[BlackElo "2655"]
[Annotator "Ftacnik,L"]
[PlyCount "78"]
[EventDate "1993.01.??"]
[EventType "match"]
[EventRounds "13"]
[EventCountry "ESP"]
[SourceTitle "Candidates"]
[Source "ChessBase"]
[SourceDate "1999.07.01"]
[SourceVersion "2"]
[SourceVersionDate "1999.07.01"]
[SourceQuality "1"]

1. c4 e6 2. Nc3 d5 3. d4 Nf6 4. cxd5 exd5 5. Bg5 c6 6. Qc2 Be7 7. e3 Nbd7 8.
Bd3 O-O 9. Nge2 Re8 10. O-O g6 (10... Nf8 11. f3 (11. a3 $5 g6 12. b4 $36 {
Granda Zuniga-Garcia Padron/1991/}) 11... Nh5 12. Bxe7 Rxe7 $5 (12... Qxe7 13.
e4 dxe4 14. fxe4 {Ivanchuk,V-Yusupov,A/Brussels/1991/}) 13. Qd2 Ne6 14. Rad1 g6
$13 {Timman,J-Short,N/Amsterdam/1992/}) 11. f3 Nh5 12. Bxe7 Qxe7 13. e4 Nb6 14.
e5 c5 15. g4 (15. Bb5 cxd4 16. Bxe8 dxc3 17. Ba4 cxb2 $44) 15... Ng7 16. Nf4
Be6 17. Qf2 Rec8 18. Nfe2 Bd7 19. Rae1 Ne6 20. f4 $6 cxd4 21. Nxd4 Nxd4 22.
Qxd4 Bxg4 23. e6 fxe6 24. f5 Qc5 $1 (24... gxf5 25. Bxf5 Bxf5 26. Rxf5 $13) 25.
Qxc5 Rxc5 26. fxg6 hxg6 27. Rf6 Rc7 28. Nb5 Rg7 29. Nd4 Nd7 30. Rf4 Bf5 31.
Nxe6 Bxe6 (31... Re8 32. Bxf5 (32. Nxg7 Rxe1+ 33. Kf2 Bxd3) 32... gxf5+ 33.
Nxg7 Rxe1+ 34. Kf2) 32. Rxe6 Nc5 33. Re3 Nxd3 34. Rxd3 Rd7 35. Rfd4 Rad8 36.
Kg2 Re8 37. Rxd5 Rxd5 38. Rxd5 Re2+ 39. Kg3 Rxb2 $17 1/2-1/2

[Event "Candidates final"]
[Site "El Escorial"]
[Date "1993.??.??"]
[Round "11"]
[White "Timman, Jan H"]
[Black "Short, Nigel D"]
[Result "1-0"]
[WhiteElo "2635"]
[BlackElo "2655"]
[Annotator "Ftacnik,L"]
[PlyCount "169"]
[EventDate "1993.01.??"]
[EventType "match"]
[EventRounds "13"]
[EventCountry "ESP"]
[SourceTitle "Candidates"]
[Source "ChessBase"]
[SourceDate "1999.07.01"]
[SourceVersion "2"]
[SourceVersionDate "1999.07.01"]
[SourceQuality "1"]

1. d4 d5 2. c4 e6 3. Nc3 Nf6 4. cxd5 exd5 5. Bg5 c6 6. Qc2 Be7 7. e3 Nbd7 8.
Bd3 Nh5 9. Bxe7 Qxe7 10. Nge2 Nb6 11. O-O-O g6 12. Kb1 Ng7 13. Ng3 Bd7 14. Rc1
O-O-O (14... O-O $5) 15. Na4 Nxa4 (15... Kb8 16. Nc5 Bc8 17. b4 $40) 16. Qxa4
Kb8 17. Rc3 b6 18. Ra3 (18. Ba6 $5 Ne6 19. Rhc1 Rhe8 20. Qb3 Qd6 21. Nf1 Ka8 $1
22. Nd2 Nc7 23. Bf1 Ne6 (23... Qxh2 24. Nf3 Qd6 25. Ne5 Rxe5 $1 26. dxe5 Qxe5
$13) 24. g3 Rc8 25. Bg2 Rc7 26. h4 Rd8 27. Nf3 Bc8 $6 28. Qa4 c5 $6 29. Ng5
Nxg5 30. hxg5 Bb7 31. dxc5 bxc5 32. Qf4 $1 $16 {Kasparov,G-Andersson,U/
Reykjavik/1988/}) 18... Be8 19. Qc2 Rc8 20. Rc1 Bd7 21. Qd2 h5 (21... Rc7 $5)
22. Rb3 Ne6 23. Rbc3 h4 24. Ne2 Qd6 (24... h3 $5 25. g3 Ng5 26. Qe1 Nf3 27. Qh1
Qf6 28. Nf4 Bg4 $140 29. Be2) (24... Qg5) 25. h3 Rhd8 (25... Qh2 26. Rg1 Qd6
27. Rgc1) 26. Ng1 g5 (26... Qh2 27. f4 f6 28. Nf3 Qg3 $13) 27. Nf3 f6 28. R3c2
Ng7 29. Ka1 Bf5 30. Ne1 Kb7 31. Rc3 Bxd3 32. Nxd3 Nf5 33. Qc2 Ne7 34. Qa4 Ka8
35. a3 Qd7 36. Nb4 Kb7 37. Rb3 c5 $2 (37... Ka8 38. Nd3 Qc7) 38. Qxd7+ Rxd7 39.
dxc5 d4 (39... Rxc5 $2 40. Rxc5 bxc5 41. Nxd5+ Kc6 42. Nxf6) 40. exd4 Rxd4 41.
Nd3 Nd5 42. Kb1 Re8 $2 (42... a5 $1 43. a4) 43. cxb6 axb6 44. a4 Ka7 (44...
Rxa4 $4 45. Nc5+) 45. a5 bxa5 46. Rc5 Nb4 47. Rxa5+ Kb6 48. Nxb4 Rxb4 (48...
Kxa5 49. Nc6+ Ka4 50. Ra3+ Kb5 51. Nxd4+ $18) 49. Raa3 $1 (49. Rxb4+ Kxa5 50.
Rb3 f5 $1 $10) 49... Re1+ 50. Kc2 Re2+ $2 (50... Kb5 $1 $14) 51. Kc1 Kb5 52.
Rxb4+ Kxb4 53. Rf3 Re1+ 54. Kd2 Rg1 55. Ke2 $1 Kc4 (55... Rxg2 56. Kf1 Rh2 57.
Kg1 $18) 56. Rxf6 Rxg2 57. Kf1 Rh2 58. Rf3 Rh1+ 59. Kg2 Rb1 60. Rf5 Rxb2 61.
Kf3 $1 (61. Rxg5 $2 Rb3 62. Rg4+ Kd5 63. Rxh4 Ke5 $14) 61... Rb1 62. Rxg5 Rf1
63. Rf5 Rg1 64. Rh5 Rf1 (64... Kd4 65. Kf4 $16) (64... Rg8 65. Ke4 Re8+ 66. Re5
Rg8 67. f4 Rg3 68. f5 Rxh3 69. f6 Rh1 70. f7 Re1+ (70... h3 71. Rc5+ $1) 71.
Kf5 Rf1+ 72. Ke6 h3 73. Re2 Kd3 74. Rh2 Rf3 75. Rxh3 $18) 65. Rxh4+ Kd5 66. Rf4
Ke5 67. Kg2 Ra1 68. Rf8 Ke6 69. h4 Ke7 70. Rf4 Ra8 71. Kh3 Rh8 72. Kg4 Rg8+ 73.
Kh5 Ke6 (73... Rh8+ 74. Kg6 Rg8+ 75. Kh7) 74. Kh6 (74. f3 $5) 74... Ke5 75. Ra4
(75. Rf3 Rh8+ 76. Kg5 Rg8+ 77. Kh5 Rh8+) 75... Rg2 $2 (75... Kf6 $1 $10 76.
Ra6+ (76. Rf4+ Ke5 77. Rf7 Ke6 78. Rf3 Rh8+ 79. Kg5 Rg8+ 80. Kh5 Rh8+ 81. Kg4
Rg8+ 82. Kh3 Rh8) 76... Kf7 (76... Kf5 77. h5 Rh8+ 78. Kg7 Rxh5 79. Ra5+ Kg4
80. f3+ Kh4 81. Rxh5+ Kxh5 82. Kf6 $18) 77. Ra3 Rg6+ $3 (77... Rb8 78. Kh7) (
77... Rg2 78. Rf3+) (77... Rh8+ 78. Kg5 Rg8+ 79. Kf5 Rg2 80. Ra7+ Kg8 81. f4
$18) (77... Kf6 78. Rf3+ $18) 78. Kh5 Rf6 79. f3 Rf5+ 80. Kg4 Rb5 $10) 76. f3
Rg3 77. Re4+ Kf5 78. Re8 Rg6+ 79. Kh7 Rf6 80. Kg7 Rg6+ 81. Kh7 Rf6 82. Re7 $1
Ra6 (82... Kf4 83. Kg7) 83. Rf7+ Ke6 84. Kg7 Ra1 85. Rf6+ 1-0

[Event "Tel Aviv ASA"]
[Site "Tel Aviv"]
[Date "1995.??.??"]
[Round "8"]
[White "Rechlis, Gad"]
[Black "Bykhovsky, Anatoly A"]
[Result "1/2-1/2"]
[WhiteElo "2500"]
[BlackElo "2420"]
[Annotator "Ftacnik,L"]
[PlyCount "66"]
[EventDate "1995.??.??"]
[EventType "tourn"]
[EventRounds "9"]
[EventCountry "ISR"]
[EventCategory "10"]
[SourceTitle "CBM 050"]
[Source "ChessBase"]
[SourceDate "1996.02.01"]
[SourceVersion "1"]
[SourceVersionDate "1996.02.01"]
[SourceQuality "1"]

1. d4 Nf6 2. c4 e6 3. Nc3 d5 4. cxd5 exd5 5. Bg5 Be7 6. e3 c6 7. Bd3 Nbd7 8.
Nge2 Nf8 9. Qc2 Ne6 10. Bh4 g6 11. f3 {[%cal Ye3e4]} Bd7 (11... Nh5 12. Bf2 f5
(12... Bd7 13. O-O-O f5 14. e4 fxe4 15. fxe4 Nef4 16. Nxf4 Nxf4 17. Bg3 Nxd3+
18. Rxd3 Be6 19. Re1 O-O 20. exd5 Bg5+ 21. Kb1 Bf5 22. dxc6 Bxd3 23. Qxd3 bxc6
{Gupta,M-Winkeler,U/NRW-I 9394 (1993) ;GER 07 1994/1-0 (70)}) 13. O-O-O) (11...
O-O 12. O-O (12. g4 c5 13. Qd2 cxd4 14. exd4 Bd7 15. Bg3 Re8 16. O-O-O b5 17.
Nxb5 Nxg4 18. Kb1 Nf6 19. Rc1 Nh5 20. Be5 Bg5 21. f4 Nexf4 22. Nxf4 Rxe5 23.
dxe5 Bxf4 24. Qf2 Bxc1 25. Rxc1 Bxb5 26. Bxb5 $13 {Chabanon,JL-Ivkov,B/Cannes/
1995/1-0 (39)}) (12. Rd1 Re8 (12... c5 13. dxc5 Bxc5 14. Bxf6 Qxf6 15. Nxd5 $14
) (12... b6 13. Bf2 Bb7 (13... Bd7 14. Qd2 c5 15. dxc5 bxc5 16. O-O Qb6 17. e4
d4 18. Nd5 Nxd5 19. exd5 Nc7 20. Bc4 Bb5 21. b3 Rad8 22. a4 Ba6 23. a5 {
Damaso,R-Fernandes,An/Lisboa zt (06) ;CBM 35 1993/1/2-1/2 (43)}) 14. h4 c5 15.
dxc5 Bxc5 16. Kf1 Rc8 17. Qa4 a6 18. b4 b5 19. Qb3 Bd6 20. h5 Be5 21. hxg6 hxg6
22. Nd4 Bxd4 23. exd4 {Azmaiparashvili,Z-Beliavsky,A/Groningen (06) ;CBM 45
1994/1-0 (47)}) 13. O-O Nh5 14. Bf2 Bh4 15. Qd2 $1 Bxf2+ 16. Rxf2 Nf6 $6 17.
Bc2 Qc7 18. h3 Nh5 19. e4 Bd7 $5 20. exd5 Nef4 21. Nxf4 Qxf4 $8 22. dxc6 bxc6
23. Qxf4 (23. d5 $1 $18) 23... Nxf4 24. Ne4 $16 {Chernin,A-Rogers,I/Chiasso/
1989/1-0 (54)}) 12... b6 (12... Nh5 13. Bf2 f5 14. Rae1 Rf7 15. Kh1 Bf8 16. g4
Nhg7 17. Bg3 Ng5 18. h4 N5e6 19. Kg2 c5 20. Qd2 cxd4 21. exd4 Be7 22. Rh1 fxg4
23. fxg4 Nf8 $132 {Hoang,T-Minogina,T/Budapest FS OctIMW (05)/1993/0.5 (33)}) (
12... c5 $6 13. dxc5 Bxc5 14. Nxd5 $1 Qxd5 15. Bxf6 Bxe3+ 16. Kh1 Bh6 17. Be4
Qc5 18. Nc3 Bd7 19. Nd5 $1 $16 {/\} Qxc2 $4 20. Ne7#) 13. Rad1 Bb7 14. Kh1 Rc8
(14... c5 $2 15. dxc5 bxc5 16. Bc4 $16) 15. a3 (15. e4 $6 dxe4 16. fxe4 Ng4 17.
Bf2 Nxf2+ 18. Rxf2 Nxd4 $1 19. Nxd4 Qxd4 20. Ba6 Qxd1+ $1 21. Qxd1 Bxa6 $1 $17
{Lautier,J-Spassky,B/Cannes/1989/}) (15. Qc1 $1 Rc7 16. e4 dxe4 17. fxe4 Rd7
18. e5 Nd5 19. Bxe7 Qxe7 20. Nxd5 cxd5 $2 (20... Rxd5 21. Bc4 Rd7 22. Qe3 Qg5
$14) 21. Rf6 $1 $18 {Kouatly,B-Piket,J/France-Nederland/1990/1-0 (29)}) 15...
Nh5 16. Bxe7 Qxe7 17. Qa4 a6 18. e4 dxe4 19. fxe4 b5 20. Qa5 (20. Qc2 c5 21. d5
c4 $132) 20... Rfd8 {Polgar,Zsu-Spassky,B/Prague Wom-Vet (10/1995/0-1 (43)}) (
11... Ng7 12. O-O O-O 13. Kh1 (13. Rae1 Be6 14. Kh1 Nfh5 15. Bxe7 Qxe7 16. g4
Nf6 17. Ng3 Nd7 18. h3 Rae8 19. Qh2 Qd6 20. Nce2 Re7 21. h4 h6 22. Nf4 c5 {
Ibragimov,I-Kofidis,A/Ilioupolis (03/1995/1-0 (39)}) 13... Be6 14. Bf2 Nd7 15.
e4 f5 16. exd5 Bxd5 17. Nxd5 cxd5 18. Qb3 Nb6 19. Bg3 Ne6 20. Be5 Bf6 21. Rac1
Qe7 22. Qb5 $14 {Gausel,E-Grotnes,N/NOR-ch Drammen (06)/1994/1-0 (62)}) 12. O-O
O-O 13. Kh1 (13. e4 dxe4 14. fxe4 Be8 15. Bf2 Ng4 $1) 13... Rc8 14. Qd2 Nh5 15.
Bxe7 (15. Bf2 f5 $10) 15... Qxe7 16. e4 dxe4 17. fxe4 Neg7 $5 {This idea
deserves some attention, since black takes strong measures in order to destroy
white's impressive P center.} (17... Rfd8 18. Rf2 $14) 18. Rae1 f5 19. exf5 (
19. e5 $5 Be6 (19... Ne6) 20. a3 Rcd8 $13) 19... Bxf5 20. Bxf5 Rxf5 21. Rxf5
gxf5 (21... Nxf5 $2 22. g4 $18) 22. d5 {White still keeps some advantage due
to the better pawn structure and rather passive location of both black's N.}
Rd8 23. Nd4 (23. Rd1 $5 Nf6 24. d6 $13) 23... Qh4 24. Nf3 Qf6 (24... Qf4 25.
Qxf4 Nxf4 26. dxc6 bxc6 27. Re7 $14) 25. Kg1 a6 (25... Qd6 26. dxc6 Qxd2 27.
Nxd2 bxc6 28. Nc4 $14) 26. Re5 h6 27. Qc2 (27. Qe3 $1 $14) 27... Nf4 28. Qb3
Nxd5 29. Nxd5 cxd5 30. Qxb7 (30. Rxd5 Rxd5 31. Qxd5+ Qe6 32. Qxb7 Qxa2 $10)
30... d4 31. Rd5 d3 32. Qb3 Kh7 (32... Rxd5 33. Qxd5+ Qe6 34. Qxe6+ Nxe6 35.
Kf2 $18) 33. Rxd3 Rxd3 (33... Rxd3 34. Qxd3 Qxb2 35. Qxa6 Nh5 36. Qc4 $16)
1/2-1/2

[Event "WchT 2nd"]
[Site "Luzern"]
[Date "1989.??.??"]
[Round "5.1"]
[White "Karpov, Anatoly"]
[Black "Short, Nigel D"]
[Result "1-0"]
[WhiteElo "2755"]
[BlackElo "2660"]
[Annotator "Ftacnik,L"]
[PlyCount "131"]
[EventDate "1989.10.27"]
[EventType "team-tourn"]
[EventRounds "9"]
[EventCountry "SUI"]
[SourceTitle "CBM 016"]
[Source "ChessBase"]
[SourceDate "1990.06.01"]
[SourceVersion "1"]
[SourceVersionDate "1990.06.01"]
[SourceQuality "1"]
[WhiteTeam "Soviet Union"]
[BlackTeam "England"]
[WhiteTeamCountry "URS"]
[BlackTeamCountry "ENG"]

1. d4 Nf6 2. c4 e6 3. Nc3 d5 4. cxd5 exd5 5. Bg5 Be7 6. e3 c6 7. Bd3 Nbd7 8.
Nf3 O-O 9. Qc2 Re8 10. O-O Nf8 11. h3 g6 12. Bh6 Nh5 13. Rab1 Ng7 14. b4 a6 15.
Bxg7 (15. a4 Bf5) 15... Kxg7 16. Na4 Bd6 17. Nc5 Qf6 18. Rfc1 (18. Nd2 Bxh3 19.
gxh3 Qg5+ 20. Kh1 Qh5 $10) 18... Ne6 (18... Bxh3 $2 19. Nxb7 $16) 19. Qd1 h6
20. a4 Re7 21. Bf1 Ng5 22. Nxg5 Qxg5 23. Qf3 (23. Kh1 Rxe3 24. fxe3 Qg3 25. Kg1
$10) 23... h5 24. e4 Bg4 25. Qd3 (25. hxg4 $2 hxg4 26. Qd3 Bh2+ $1 27. Kxh2
Rh8+ 28. Kg1 Qh4 $19) 25... dxe4 26. Nxe4 Rxe4 27. Qxe4 Bf5 28. Qf3 Bxb1 29.
Rxb1 h4 30. Bc4 Rf8 31. b5 cxb5 32. axb5 a5 (32... axb5 $10) 33. b6 a4 $6 (
33... Qf4 $1 $10) 34. Qxb7 Qf4 35. Kf1 Qxd4 36. Qd5 Qf6 37. Rd1 $14 Be5 38. Qc5
a3 39. b7 Qf4 40. Bb3 Qh2 41. Rd7 Bf6 42. Qc7 Qxc7 43. Rxc7 Be5 44. Rc8 g5 45.
Ke2 f5 46. Kd3 g4 47. f3 gxh3 48. gxh3 Bf4 49. Kd4 Bd6 50. Kd5 Bg3 51. Kc5 Be5
52. Ba2 Bf4 53. Kb5 Bg3 54. Ka4 Bd6 55. Bc4 Rf6 56. Kb3 Rg6 57. b8=Q Bxb8 58.
Rxb8 Rg3 59. Rg8+ Kf6 60. Rxg3 hxg3 61. Bf1 Kg5 62. Bg2 Kf4 63. h4 Ke3 64. h5
Kf2 65. Bh3 Kxf3 (65... g2 66. Bxg2 Kxg2 67. f4 Kg3 68. h6 Kxf4 69. h7 $18) 66.
h6 1-0

[Event "Women-Veterans"]
[Site "Prague"]
[Date "1995.??.??"]
[Round "10"]
[White "Polgar, Zsuzsa"]
[Black "Spassky, Boris Vasilievich"]
[Result "0-1"]
[WhiteElo "2565"]
[BlackElo "2555"]
[Annotator "Ftacnik,L"]
[PlyCount "86"]
[EventDate "1995.07.??"]
[EventType "schev"]
[EventRounds "5"]
[EventCountry "CZE"]
[SourceTitle "CBM 048"]
[Source "ChessBase"]
[SourceDate "1995.10.01"]
[SourceVersion "1"]
[SourceVersionDate "1995.10.01"]
[SourceQuality "1"]

1. d4 Nf6 2. c4 e6 3. Nc3 d5 4. cxd5 exd5 5. Bg5 Be7 6. e3 Nbd7 7. Bd3 c6 8.
Qc2 Nf8 9. Nge2 Ne6 10. Bh4 (10. Bxf6 $6 Bxf6 11. Bxh7 g6 12. Bxg6 fxg6 13.
Qxg6+ Ke7 $1 $17) 10... g6 (10... Nh5 11. Bxe7 Qxe7 12. O-O-O $14) 11. f3 {
[%cal Ye3e4] White is in no rush, but builds a strong center. The thematic
push e3-e4 is very hard to prevent.} O-O (11... Ng7 12. O-O O-O 13. Kh1 Be6 14.
Bf2 Nd7 15. e4 f5 16. exd5 Bxd5 17. Nxd5 cxd5 18. Qb3 Nb6 19. Bg3 Ne6 20. Be5
Bf6 21. Rac1 Qe7 22. Qb5 $14 {Gausel,E-Grotnes,N/NOR-ch Drammen (06)/1994/1-0 
(62)}) 12. O-O (12. g4 c5 13. Qd2 cxd4 14. exd4 Bd7 15. Bg3 Re8 16. O-O-O b5
17. Nxb5 Nxg4 18. Kb1 Nf6 19. Rc1 Nh5 20. Be5 Bg5 21. f4 Nexf4 22. Nxf4 Rxe5
23. dxe5 Bxf4 24. Qf2 Bxc1 25. Rxc1 Bxb5 26. Bxb5 $13 {Chabanon,JL-Ivkov,B/
Cannes/1995/1-0 (39)}) (12. Rd1 Re8 (12... c5 13. dxc5 Bxc5 14. Bxf6 Qxf6 15.
Nxd5 $14) 13. O-O Nh5 14. Bf2 Bh4 15. Qd2 $1 Bxf2+ 16. Rxf2 Nf6 $6 17. Bc2 Qc7
18. h3 Nh5 19. e4 Bd7 $5 20. exd5 Nef4 21. Nxf4 Qxf4 $8 22. dxc6 bxc6 23. Qxf4
(23. d5 $1 $18) 23... Nxf4 24. Ne4 $16 {Chernin,A-Rogers,I/Chiasso/1989/1-0 
(54)}) 12... b6 (12... Nh5 13. Bf2 f5 14. Rae1 Rf7 15. Kh1 Bf8 16. g4 Nhg7 17.
Bg3 Ng5 18. h4 N5e6 19. Kg2 c5 20. Qd2 cxd4 21. exd4 Be7 22. Rh1 fxg4 23. fxg4
Nf8 $132 {Hoang,T-Minogina,T/Budapest FS OctIMW (05)/1993/0.5 (33)}) (12... c5
$6 13. dxc5 Bxc5 14. Nxd5 $1 Qxd5 15. Bxf6 Bxe3+ 16. Kh1 Bh6 17. Be4 Qc5 18.
Nc3 Bd7 19. Nd5 $1 $16 {/\} Qxc2 $4 20. Ne7#) 13. Rad1 Bb7 14. Kh1 Rc8 (14...
c5 $2 15. dxc5 bxc5 16. Bc4 $16) 15. a3 (15. e4 $6 dxe4 16. fxe4 Ng4 17. Bf2
Nxf2+ 18. Rxf2 Nxd4 $1 19. Nxd4 Qxd4 20. Ba6 Qxd1+ $1 21. Qxd1 Bxa6 $1 $17 {
Lautier,J-Spassky,B/Cannes/1989/}) (15. Qc1 $1 Rc7 16. e4 dxe4 17. fxe4 Rd7 18.
e5 Nd5 19. Bxe7 Qxe7 20. Nxd5 cxd5 $2 (20... Rxd5 21. Bc4 Rd7 22. Qe3 Qg5 $14)
21. Rf6 $1 $18 {Kouatly,B-Piket,J/France-Nederland/1990/1-0 (29)}) 15... Nh5
16. Bxe7 Qxe7 17. Qa4 a6 18. e4 dxe4 19. fxe4 b5 20. Qa5 (20. Qc2 c5 21. d5 c4
$132) 20... Rfd8 21. Bb1 Nf6 22. h3 (22. Qb6 Ng4 $132) 22... c5 {[%csl Rd4,Re4]
After model preparation black starts to attack the dream center.} 23. d5 Ng5
24. Rxf6 $2 (24. Ng3 h5 25. Rf4 Rd6 $13) 24... Qxf6 25. h4 Ne6 $1 {[%cal Rf6h4]
Most games are decided with the help of tactics, it often means more than the
best positional plan.} (25... Nf3 26. gxf3 Qxf3+ 27. Kg1 Qg4+ 28. Kf2 Qxh4+ 29.
Ke3 $13) 26. Qb6 (26. dxe6 Rxd1+ 27. Nxd1 Qf1+ 28. Ng1 Qxd1 $19) 26... Qxh4+
27. Kg1 Ba8 28. Rf1 (28. dxe6 Rxd1+ 29. Nxd1 Qe1+ 30. Kh2 Qxe2 $19) 28... Ng5 (
28... Nd4 29. Nxd4 cxd4 30. Qxd4 $17) 29. Qf6 Qg4 30. Bd3 c4 31. Bc2 a5 32. Nd4
(32. Nxb5 $2 Qxe2 33. Qxg5 Qxc2 $19) 32... b4 33. Bd1 Qg3 34. axb4 axb4 35.
Ncb5 (35. Nce2 Qe3+ 36. Kh1 Nxe4 $19) 35... Rd7 36. Bf3 Qh4 37. Bd1 (37. Qa6
Bb7 $19) 37... Qg3 38. Bf3 h6 39. Nc6 (39. Qa6 Bb7 40. Qa4 Nxe4 41. Nc3 Qe5 $1
$19) 39... Bxc6 40. dxc6 Rxc6 $1 (40... Rd2 41. c7 Nh3+ 42. Kh1 Nf2+ 43. Kg1
Ng4 $19) 41. Qxc6 Nxf3+ 42. Rxf3 Rd1+ 43. Rf1 Qe3+ (43... Qe3+ 44. Kh2 Rxf1 $19
) 0-1